000 00572nam a2200217Ia 4500
003 GCL
008 140319s9999 xx 000 0 eng d
040 _aGCL /
_cGCL
082 0 4 _a610.7
_bG C
100 1 _aGORDON, DAVID
245 1 0 _a100 CASES FOR STUDENTS OF MEDICINE /
_cGORDON, DAVID
700 1 _aGILLMER,MICHAEL.D.
260 _a[S.N] :
_bCHURCHILL LIVINGSTONE ،
_c1992
300 _a205 P
490 _aINTERNATIONAL STUDENT EDITION
_v0
650 0 4 _aPHYSICIANS
650 0 4 _aMEDICINE
650 0 4 _aGYNECOLOGY
650 0 4 _aOBSTETRICS
942 _2ddc
_cBK
999 _c20346
_d20346